Το σχοίνισμα της γραφής : Παπαδιαμαντ(ολογ)ικές μελέτες

Αποθηκεύτηκε σε:
Λεπτομέρειες βιβλιογραφικής εγγραφής
Κύριος συγγραφέας: Φαρίνου-Μαλαματάρη, Γεωργία, 1952-
Μορφή: Βιβλίο
Γλώσσα:Greek
Δημοσίευση: Αθήνα : Gutenberg, 2014
Θέματα:
Ετικέτες: Προσθήκη ετικέτας
Δεν υπάρχουν, Καταχωρήστε ετικέτα πρώτοι!

MARC

LEADER 00000nam a2200000 i 4500
001 1/56107
008 140916s2014 gre d
020 |a 978-960-01-1622-9 
035 |l 10119124 
040 |a GR-MY-UA  |b gre  |e aacr 
041 0 |a gre 
082 0 |a 889.3  |2 (23) 
100 1 |a Φαρίνου-Μαλαματάρη, Γεωργία,   |d 1952- 
245 1 3 |a Το σχοίνισμα της γραφής :  |b Παπαδιαμαντ(ολογ)ικές μελέτες /  |c Γ. Φαρίνου-Μαλαματάρη 
260 |a Αθήνα :   |b Gutenberg,   |c 2014 
300 |a 318 σ.;  |c 24 εκ. 
504 |a Περιλαμβάνει βιβλιογραφικές παραπομπές και ευρετήριο 
600 1 0 |a Παπαδιαμάντης, Αλέξανδρος,   |d 1851-1911. 
650 0 0 |a Greek literature, Modern  |x History and criticism. 
852 |a INST  |b RHODES  |e 20140916  |h 889.3 ΦΑΡ  |p 005400036767  |q 005400036767  |t BK  |y 0 
901 |a BIBL4-2014-3 
909 |a Ρ  |b 189613 
922 |a 4ΕΛΗ  |b 201405  |c ΤΑΚ/ΠΤΔΕ  |d BEST BOOK HUNTERS 
970 |z 2014/09/16